Pôda-základný výrobný prostriedok poľnohospodárstva /

Další autoři: Adamec, Vladimír, 1956-, Prokeš, Josef, 1922-
Jazyk: Slovenština
Vydáno: Bratislava : Príroda, 1982
Vydání: 1. vyd.
Edice: Na pomoc družstevným školám práce
Témata:
Fyzický popis: 68 s.
Knihy
Uloženo v:
LEADER 01063nam a2200289 a 4500
001 000542089
003 CZ BrMZK
005 20110204105753.0
007 ta
008 000105s1982 xo f slo d
040 |a BOA001  |b cze 
041 1 |a slo  |h cze 
080 9 |a 631.4:330.123.7:340.13  |2 MRF 
245 0 0 |a Pôda-základný výrobný prostriedok poľnohospodárstva /  |c Vladimír Adamec ... [et al.] ; upravil Jozef Prokeš 
250 |a 1. vyd. 
260 |a Bratislava :  |b Príroda,  |c 1982 
300 |a 68 s. 
490 1 |a Na pomoc družstevným školám práce 
500 |a Přeloženo z češtiny 
700 1 |a Adamec, Vladimír,  |d 1956-  |7 mzk2007381809  |4 aut 
700 1 |a Prokeš, Josef,  |d 1922-  |7 jk01101278  |4 aut 
765 0 |t Půda-základní výrobní prostředek zemědělství  |9 Slovensky 
830 0 |a Na pomoc družstevným školám práce 
910 |a BOA001  |b 2-0859.463 
964 |a Fond půdní -ochrana právní - Československo 
990 |a BK 
996 7 |b 2619247362  |c 2-0859.463  |l MZK  |r Sklad / do 1 hodiny  |n 1  |w 000542089  |u 000010  |a 1  |e BOA001  |j MZK50  |s A